ポケモンセンター・ポケモンストアのある市区町村 - Statistics

General Stats
  • This quiz has been taken 191 times
  • The average score is 12 of 21
Answer Stats
自治体 施設名 % Correct
札幌市 ポケモンセンター サッポロ
96%
大阪市 ポケモンセンター オーサカポケモンセンター オーサカDX
94%
仙台市 ポケモンセンター トウホク
93%
福岡市 ポケモンセンター フクオカ
92%
名古屋市 ポケモンセンター ナゴヤ
91%
広島市 ポケモンセンター ヒロシマ
89%
横浜市 ポケモンセンター ヨコハマ
87%
京都市 ポケモンセンター キョウト
85%
渋谷区 ポケモンセンター シブヤ
79%
金沢市 ポケモンセンター カナザワ
67%
千代田区 ポケモンストア 東京駅店
64%
豊島区 ポケモンセンター メガトウキョー
61%
中央区 ポケモンセンター トウキョーDX
61%
墨田区 ポケモンセンター スカイツリータウン
46%
船橋市 ポケモンセンター トウキョーベイ
40%
千歳市 ポケモンストア 新千歳空港店
30%
成田市 ポケモンストア 成田空港店
28%
木更津市 ポケモンストア アウトレット 木更津店
11%
御殿場市 ポケモンストア 御殿場店
10%
松前町 ポケモンストア エミフルMASAKI店
6%
北中城村 ポケモンセンター オキナワ
4%
No matching quizzes found
Score Distribution
Percent of People with Each Score
Percentile by Number Answered
Your Score History
You have not taken this quiz